[Event "Wch U14 Girls"]
[Site "Montesilvano"]
[Date "2023.11.18"]
[Round "6"]
[White "Toth, Lili1"]
[Black "Hong, Jueun"]
[Result "0-1"]
[WhiteElo "1901"]
[BlackElo "1299"]
[PlyCount "41"]
[EventDate "2023.11.13"]
[EventType "swiss"]
[EventRounds "11"]
[EventCountry "ITA"]
[SourceTitle "CB48_2023"]
[SourceDate "2023.11.29"]
[SourceVersion "1"]
[SourceVersionDate "2023.11.29"]
[SourceQuality "1"]

1. d4 d5 2. c4 e6 3. Nc3 c6 4. e4 Bb4 5. Bd3 dxe4 6. Bxe4 Nf6 7. Bc2 Nbd7 8. Nge2 0-0 9. 0-0 e5 10. Bg5 exd4 11. Qxd4 Qa5 12. Ne4 Re8 13. Nxf6+ Nxf6 14. Bxf6 Rxe2 15. Bd3 Rd2 16. Bd8 Qh5 17. Rae1 Be6 18. Re5 Rxd3 19. Qf4 Bd6 20. Rxe6 fxe6 21. Qe4 0-1